Paediatric clinical examination / (Record no. 10437)
[ view plain ]
| 000 -LEADER | |
|---|---|
| fixed length control field | 00783nam a22002412 4500 |
| 001 - CONTROL NUMBER | |
| control field | 0000024958 |
| 005 - DATE AND TIME OF LATEST TRANSACTION | |
| control field | 20151217152307.0 |
| 008 - FIXED-LENGTH DATA ELEMENTS--GENERAL INFORMATION | |
| fixed length control field | 140402s xx 000 0 eng d |
| 020 ## - INTERNATIONAL STANDARD BOOK NUMBER | |
| International Standard Book Number | 1907816352 : |
| 040 ## - CATALOGING SOURCE | |
| Original cataloging agency | KABU |
| Transcribing agency | KABU |
| 100 1# - MAIN ENTRY--PERSONAL NAME | |
| Personal name | Brugha, Rossa. |
| -- | 0000185302 |
| 245 10 - TITLE STATEMENT | |
| Title | Paediatric clinical examination / |
| Statement of responsibility, etc. | Rossa Brugha, Matko Marlais, Ed Abrahamson. |
| 250 ## - EDITION STATEMENT | |
| Edition statement | 1st ed. |
| 260 ## - PUBLICATION, DISTRIBUTION, ETC. (IMPRINT) | |
| Place of publication, distribution, etc. | London : |
| Name of publisher, distributor, etc. | JP Medical, |
| Date of publication, distribution, etc. | 2013. |
| 300 ## - PHYSICAL DESCRIPTION | |
| Extent | xii, 271 p. |
| 650 #0 - SUBJECT ADDED ENTRY--TOPICAL TERM | |
| Topical term or geographic name as entry element | Children |
| General subdivision | Medical examination. |
| -- | 0000185303 |
| 650 #0 - SUBJECT ADDED ENTRY--TOPICAL TERM | |
| Topical term or geographic name as entry element | Children |
| General subdivision | Physical examination & diagnosis. |
| -- | 0000185304 |
| 700 1# - ADDED ENTRY--PERSONAL NAME | |
| Personal name | Marlais, Matko. |
| -- | 0000185305 |
| 700 1# - ADDED ENTRY--PERSONAL NAME | |
| Personal name | Abrahamson, Ed. |
| -- | 0000185306 |
| 852 1# - LOCATION | |
| -- | p1950 KES |
| 908 ## - PUT COMMAND PARAMETER (RLIN) | |
| Put command parameter | 140402 |
| 950 ## - LOCAL HOLDINGS (RLIN) | |
| -- | 1 |
| Withdrawn status | Lost status | Source of classification or shelving scheme | Not for loan | Home library | Current library | Date acquired | Total Checkouts | Total Renewals | Full call number | Barcode | Date last seen | Date last checked out | Price effective from | Koha item type | Copy number |
|---|---|---|---|---|---|---|---|---|---|---|---|---|---|---|---|
| Library of Congress Classification | Kabarak, Main Campus | Kabarak, Main Campus | 17/12/2015 | 27 | 4 | RJ50 .B78 2013 c. 1 | 017963 | 30/01/2026 | 15/01/2026 | 17/12/2015 | General Collection | ||||
| Library of Congress Classification | Kabarak, Main Campus | Kabarak, Main Campus | 03/06/2019 | 18 | 2 | RJ50 .B78 2013 c. 2 | 023199 | 06/02/2026 | 23/01/2026 | 03/06/2019 | General Collection | c. 2 |